000 01213nam a22002777a 4500
003 OSt
005 20250904150652.0
008 240424b ||||| |||| 00| 0 eng d
040 _c0
082 _aDPer 621.317 Ie21 November 2022 v. 37 n. 11
100 _aShi, Zhe.
_eauthor.
_956634
245 _aA secondary-side semiactive 3-phase interleaved resonant converter employing multimode modulation scheme for fast EV charger applications /
_cZhe Shi, Yu Tang, Yuliang Zhang, Yingjun Guo, Hexu Sun, and Lin Jiang.
260 _aNew York ;
_bThe Institute of Electrical and Electronics Engineers, Inc. ,
_cNovember 2022.
300 _aVolume 37, pages 13385-13397 :
_billustration ;
_c28 cm.
500 _aIEEE Transactions on Power Electronics, vol. 37, no. 11, pages 13385-13397, November 2022.
650 0 _aFast electric vehicle (EV) charger.
_967189
650 0 _aVoltage control.
_965950
650 0 _aPower density.
_967190
700 _aShi, Zhe.
_eauthor.
_956634
700 _aTang, Yu.
_eauthor.
_956635
700 _aZhang, Yuliang.
_eauthor.
_956636
700 _aGuo, Yingjun.
_eauthor.
_956637
700 _aSun, Hexu.
_eauthor.
_956638
700 _aJiang, Lin.
_eauthor.
_956639
942 _2ddc
_cPER
999 _c20149
_d20149